The presentation of technical information /

Bibliographic Details
Main Author: Kapp, Reginald O. (Reginald Otto), 1885-
Format: Book
Language:English
Published: New York : Macmillan, [1957]
Subjects:

MARC

Tag First Indicator Second Indicator Subfields
LEADER 00000cam a2200000 4500
001 in00000035411
005 20151007060804.0
008 750815s1957 nyu 00000 eng u
010 |a  58011085  
035 |a (OCoLC)01548709 
035 |9 AAD0175AM 
040 |c NAM  |d TXA  |d UtOrBLW 
049 |a TXAM  |c 1 [296944]  |c 2 [300220] 
050 0 |a T11  |b .K3 1957 
082 0 |a 808 
092 |a 808.066  |b K17p 
100 1 |a Kapp, Reginald O.  |q (Reginald Otto),  |d 1885- 
245 1 4 |a The presentation of technical information /  |c based on four public lectures given at University College, London. 
264 1 |a New York :  |b Macmillan,  |c [1957] 
300 |a 147 pages ;  |c 20 cm. 
336 |a text  |b txt  |2 rdacontent 
337 |a unmediated  |b n  |2 rdamedia 
338 |a volume  |b nc  |2 rdacarrier 
650 0 |a Technical writing. 
999 |a MARS 
999 f f |s 9c9b6ea0-49a1-313f-906e-c08f097409be  |i 0cd0d90f-86ab-38ec-a409-c62144073056  |t 0 
952 f f |p ric  |a Texas A&M University  |b Rellis Campus  |c Joint Library Facility  |d Remote Storage  |t 0  |e T11 .K3 1957  |h Library of Congress classification  |i unmediated -- volume  |m A14801195774 
998 f f |a T11 .K3 1957  |t 0  |l Remote Storage